000
00343cam a2200145ua 4500
041
_a
eng
_h
082
_a
828.09
_b
LAN/AP
100
_a
Lang , Andrew .
245
_a
Approach to Shakespeare /
_c
Andrew Lang.
_h
Textual Documents
260
_a
London :
_b
Nelson ,
_c
1966.
300
_a
256 ; .
504
_a
942
_c
BK
999
_c
868
_d
868